Applied and Computational Statistics (Record no. 11046)
[ view plain ]
| 000 -LEADER | |
|---|---|
| fixed length control field | 00708nam a2200121Ia 4500 |
| 008 - FIXED-LENGTH DATA ELEMENTS--GENERAL INFORMATION | |
| fixed length control field | 220615s9999||||xx |||||||||||||| ||und|| |
| 100 ## - MAIN ENTRY--PERSONAL NAME | |
| Personal name | Bolboac?, Sorana D. |
| 245 #0 - TITLE STATEMENT | |
| Title | Applied and Computational Statistics |
| 546 ## - LANGUAGE NOTE | |
| Language note | English[eng] |
| 650 ## - SUBJECT ADDED ENTRY--TOPICAL TERM | |
| Topical term or geographic name entry element | molecular descriptors||compound symmetry||Anderson–Darling test (AD)||software testing||probability||characteristic polynomial (ChP)||mutation testing||C20 fullerene||fullerene congeners||machine learning||maximum likelihood estimation||gompertz distribution||modified beta generator||structure–property relationships||repeated measurement designs||Monte Carlo simulation |
| 856 ## - ELECTRONIC LOCATION AND ACCESS | |
| Uniform Resource Identifier | <a href="https://www.mdpi.com/books/pdfview/book/1985">https://www.mdpi.com/books/pdfview/book/1985</a> |
| 942 ## - ADDED ENTRY ELEMENTS (KOHA) | |
| Koha item type | E-Books |
| Withdrawn status | Lost status | Damaged status | Not for loan | Home library | Current library | Date acquired | Total Checkouts | Date last seen | Price effective from | Koha item type |
|---|---|---|---|---|---|---|---|---|---|---|
| Kerala University of Digital Sciences, Innovation and Technology Knowledge Centre | Kerala University of Digital Sciences, Innovation and Technology Knowledge Centre | 15/06/2022 | 15/06/2022 | 15/06/2022 | E-Books |